Tuyển tập thơ văn Bảo Định Giang.
Thơ ca; Văn xuôi.
Sparad:
| Materialtyp: | Bok |
|---|---|
| Språk: | Vietnamese |
| Publicerad: |
Hà Nội :
Văn học,
2004.
|
| Ämnen: | |
| Taggar: |
Lägg till en tagg
Inga taggar, Lägg till första taggen!
|
| Thư viện lưu trữ: | Mạng thư viện Đại học Đà Nẵng |
|---|
| LEADER | 01105cam a2200337 a 4500 | ||
|---|---|---|---|
| 001 | 000043835 | ||
| 003 | 1920 | ||
| 005 | 20060627100251.0 | ||
| 008 | 010217b2004 vm 000 vie | ||
| 040 | |a LRC |c LRC |d LRC | ||
| 041 | 0 | |a vie | |
| 082 | 1 | 4 | |a 895.9209 |b Tu-T |
| 245 | 0 | 0 | |a Tuyển tập thơ văn Bảo Định Giang. |
| 260 | |a Hà Nội : |b Văn học, |c 2004. | ||
| 300 | |a 1042 tr. ; |c 20,5 cm. | ||
| 520 | 3 | |a Thơ ca; Văn xuôi. | |
| 600 | 1 | 4 | |a Bảo Định Giang, |d 1919-, |x Tuyển tập. |
| 630 | 0 | 4 | |a Văn học Việt Nam. |
| 650 | 0 | 4 | |a Văn học Việt |x Bảo Định Giang, |d 1919. |
| OWN | |a DUT | ||
| AVA | |a UDN50 |b DUT |c Book |d 895.9209 Tu-T |e available |t Error 5001 Not defined in file expand_doc_bib_avail. |f 2 |g 0 |h N |i 0 |j SH |k 1 | ||
| 999 | |a From the UDN01 | ||
| AVA | |a UDN50 |b DUT |c Book |d 895.9209 Tu-T |e available |t Error 5001 Not defined in file expand_doc_bib_avail. |f 2 |g 0 |h N |i 0 |j SH |k 1 | ||
| TYP | |a Monograph | ||
| TYP | |a Printed language | ||
| 980 | |a Mạng thư viện Đại học Đà Nẵng | ||